00249nam a2200097Ia 4500008004100000100001900041245003700060260003000097300000800127650001600135191201s2011 xx 000 0 und d aHUSAIN, Farooq 0aText book of Signals and Systems aN. DelhibUmesh Pubc2011 a705 aB.Tech(ECE)